1047 1631 1405 1304 1998 1562 1152 1595 1830 1603 1121 1956 1602 1027 1854 1732 1553 1038 1939 1590 1904 1084 1498 1178 1001 1027 1571 1890 1605 1311 1734 1359 1406 1245 1742 1279 1988 1701 1043 1813 1661 1166 1825 1404 1975 1887 1758 1996 1645 1507 1076 1030 1150 1549 1611 1238 1202 1502 1461 1456 1621 1144 1590 1542 1381 1621 1836 1520 1383 1180 1430 1264 1823 1661 1674 1721 1460 1674 1005 1284 1265 1844 1557 1087 1432 1934 1686 1496 1965 1794 1273 1933 1380 1783 1822 1772 1972 1187 1979 BCNSPRNW ULIB Ver.6.0+V

เปลี่ยนเป็นภาษาไทย

Change to English
 แสดงรายละเอียดบรรณานุกรม
  กลับหน้าหลัก

Brief Record : Get Marc (ISO 2709) : E-mail record : QR code < ปิดหน้าต่าง
LEADER : 00000nam 2200000uu 4500
001    13399111775
003     ULIB
008    110627s2551||||th 000 0 tha d
020    9789741091379
090    นว.^bB111พ 2551
100 0  Baiboau
245 00 เพลิงแค้นซานตาน = Kiss from satan/^cBaiboau
250    พิมพ์ครั้งที่ 1
260    กรุงเทพฯ :^bปริ๊นเซส,^c2551
300    339 หน้า
945    ^p200^l0^i024468
995    ทศพร
999 ^a ใช้งานได้ทุกระบบ
รายการนี้ยังไม่มีแท็ก
คุณยังไม่ได้ล็อกอิน คุณสามารถมีกิจกรรมร่วมกับเว็บไซต์ได้ แต่ต้องล็อกอินก่อน ::
  ล็อกอิน

รายการสื่อสารสนเทศ

ลำดับที่ ประเภท เลขเรียก/บาร์โค้ด สถานที่ สถานะ
- ไม่พบข้อมูล -

รายการใกล้เคียง
    ผู้แต่ง [Baiboau]

BibComment


ยังไม่เคยถูกคอมเมนท์

คอมเมนท์ทรัพยากรรายการนี้
  คอมเมนท์: เพลิงแค้นซานตาน ..


 Copyright 2026. Bcnsprnw @Library